000 00977nam a22002777a 4500
999 _c18401
_d18401
003 AR-CdUCM
008 190513b ||||| |||| 00| 0 spa d
040 _aMUNICIPALIDAD PROVINCIAL DEL CUSCO
_cBIBLIOTECA MUNICIPAL DEL CUSCO
041 _heng
082 _a307.73 /
_bM13
100 _aMacKenzie, Norman
_938965
245 _aGuía de las ciencias sociales /
260 _aBarcelona :
_bLabor,
_c1971.
300 _a281 páginas ;
_c23 cm.
505 _aContenido: Las ciencias sociales -- Historia y sociedad -- Antropología -- Sociología -- Economía -- El gobierno -- Psicología social ...
650 _aSociología
_9276
650 _aPsicología
_91538
650 _aIdeología
_91109
650 _aPolítica
_9291
700 _aBriggs, Asa
_938966
700 _aBailey, F. G.
_938967
700 _aBlondel, Jean ... (colaboradores)
_938968
700 _aFomperosa Aparicio, Jesús (traducción)
_938969
942 _2ddc
_cLIBROS
945 _aachl
_d2019-05-13